Manual de paisatge urbà / Ferran Ferrer i Viana
ISBN:
84-7794-919-0
Descripción Física:
211 p. : il. ; 24 cm
Colección:
Espai públic urbà ; 7
Materias:
Paisatge urbà -- Manuals
MARC
| LEADER | 00000nam a2200000Ia 4500 | ||
|---|---|---|---|
| 001 | 15772 | ||
| 008 | 160829s2003 xx 000 0 cat d | ||
| 020 | |a 84-7794-919-0 | ||
| 080 | |a B-2-39 | ||
| 100 | |a Ferrer i Viana, Ferran |9 37232 | ||
| 245 | |a Manual de paisatge urbà / Ferran Ferrer i Viana | ||
| 260 | |a Barcelona : |b Diputació de Barcelona. Institut d'edicions, |c 2003 | ||
| 300 | |a 211 p. : |b il. ; |c 24 cm | ||
| 490 | |a Espai públic urbà ; 7 | ||
| 590 | |a Bibliografia p. 209-211 | ||
| 650 | |a Paisatge urbà |x Manuals |9 37233 | ||
| 901 | |a Arxiu | ||
| 942 | |n 1 | ||
| 952 | |0 0 |1 0 |4 0 |6 B239 |7 1 |9 47757 |a Arxiu |b Arxiu |d 2016-12-01 |l 0 |o B-2-39 |p 15772 |r 2016-12-01 00:00:00 |w 2016-12-01 |y ARXIU | ||
| 999 | |c 51556 |d 51556 | ||